Films de Robert Zemeckis par images - Statistiques

Statistiques générales
  • Ce quiz a été pris 7 358 fois
    6 851 depuis la dernière actualisation
  • Le résultat moyen est 6 sur 16
Statistiques - réponses
Par images Réponse % Correct
Forrest Gump
98%
Retour vers le futur
98%
Pinocchio
90%
Seul au monde
65%
Le Pôle express
63%
Qui veut la peau de Roger Rabbit
62%
Le Drôle de Noël de Scrooge
23%
À la poursuite du diamant vert
13%
Alliés
11%
La Légende de Beowulf
9%
Sacrées Sorcières
9%
La mort vous va si bien
7%
The Walk : Rêver plus haut
6%
Apparences
4%
Bienvenue à Marwen
4%
Crazy Day
3%
Aucun quiz correspondant
Distribution des résultats
% des personnes avec chaque résultat
Percentile par nombre de réponses
Votre historique - résultats
Vous n’avez pas pris ce quiz depuis la dernière actualisation